Statistics for Physics general knowledge 2

Click here to take the quiz!

General Stats

  • This quiz has been taken 187 times
  • The average score is 7 of 14

Answer Stats

HintAnswer% Correct
Has a cat and partial differential equation named after himSchrodinger
85%
Space station abbreviated to ISSInternational Space Station
84%
Process which creates energy in the sunNuclear fusion
76%
University at which Newton and Hawking attendedCambridge
64%
One day here is longer than a yearVenus
61%
Theory that describes the curvature of space-timeGeneral Relativity
52%
Made out of long chains of repeating monomersPolymers
51%
Value of Avogadro's number6.02e-23
49%
Name this equation PV=nRTIdeal Gas Law
49%
How old is the universe? In billions of years13.8 billion
39%
Analogue to classical bits, but in a quantum computerQubit
31%
At what time can the suns corona be observed on earthTotal solar eclipse
23%
Element created in nuclear reactors which typically poisons the coreXenon
9%
What does this equations effect called? Δt = Δt_0 • √(1 - v²/c²)Time dialation
8%

Score Distribution

Percentile by Number Answered

Percent of People with Each Score

Your Score History

You have not taken this quiz